[Event "AUTO-OPEN-4634"]
[Site "http://www.queenalice.com/game.php?id=1868039"]
[Date "2026.1.15"]
[Round "1"]
[White "Esvir"]
[Black "Pipo712"]
[Result "1/2-1/2"]
[WhiteElo "2046"]
[BlackElo "2080"]

1. e4 c5 2. Bc4 Nc6 3. Qh5 e6 4. d3 Nf6 5. Qf3 Ne5 6. Qe2 Nxc4 7. dxc4 d6 8. Nf3
b6 9. O-O Bb7 10. Nc3 a6 11. Be3 Qc7 12. Rad1 Nxe4 13. Nxe4 Bxe4 14. Bxc5 bxc5
15. Qxe4 Rd8 16. Rfe1 Be7 17. Rd3 O-O 18. Nh4 Rd7 19. Rh3 d5 20. cxd5 Rxd5 21.
c3 Rfd8 22. Nf3 h6 23. c4 Rd1 24. Qg4 Rxe1+ 25. Nxe1 Qe5 26. Kf1 Rd4 27. Qf3
Rxc4 28. Qa8+ Kh7 29. Qxa6 Rc1 30. Qd3+ g6 31. Qd2 Bg5 32. Qe2 Qd6 33. Qf3 Bd2
34. Qxf7+ Kh8 35. Qf6+ Kg8 36. Qxg6+ Kh8 37. Qf6+ Kh7 38. Qf7+ Kh8 39. Qf6+
1/2-1/2

[Event "AUTO-ADV-4904"]
[Site "http://www.queenalice.com/game.php?id=1868672"]
[Date "2026.1.30"]
[Round "2"]
[White "maurice916"]
[Black "Pipo712"]
[Result "0-1"]
[WhiteElo "1856"]
[BlackElo "2073"]

1. Nf3 d5 2. b3 Nf6 3. Bb2 Bf5 4. e3 e6 5. c4 c6 6. Be2 Nbd7 7. O-O Be7 8. d3
O-O 9. Nbd2 h6 10. Qc2 Rc8 11. a3 a6 12. Rfe1 b5 13. b4 Nb6 14. c5 Nbd7 15. Ne5
Nxe5 16. Bxe5 Nd7 17. e4 Nxe5 18. exf5 Bf6 19. fxe6 fxe6 20. d4 Nf7 21. Ra2 e5
22. dxe5 Nxe5 23. f4 Nf7 24. Nf3 Re8 25. a4 Re4 26. g3 Rxb4 27. axb5 axb5 28.
Ra7 Re4 29. Rd1 Qe8 30. Re1 b4 31. Kf2 Rb8 32. Bd3 Rxe1 33. Nxe1 b3 34. Qb1 Bd4+
35. Kf1 Qe3 36. Nc2 Qf2# 0-1

[Event "AUTO-ADV-4904"]
[Site "http://www.queenalice.com/game.php?id=1868673"]
[Date "2026.1.30"]
[Round "2"]
[White "Pipo712"]
[Black "maurice916"]
[Result "1-0"]
[WhiteElo "2086"]
[BlackElo "1850"]

1. e4 c6 2. d4 d5 3. exd5 cxd5 4. c4 Nf6 5. Nf3 Nc6 6. cxd5 Nxd5 7. Nc3 e6 8.
Nxd5 Qxd5 9. a3 Be7 10. Bd3 O-O 11. Qc2 g6 12. h4 Nxd4 13. Nxd4 Qxd4 14. Be3 Qd8
15. h5 f5 16. hxg6 hxg6 17. Rd1 Qc7 18. Qxc7 1-0

[Event "AUTO-OPEN-4616"]
[Site "http://www.queenalice.com/game.php?id=1868682"]
[Date "2026.1.30"]
[Round "2"]
[White "Pipo712"]
[Black "josebaron"]
[Result "0-1"]
[WhiteElo "2079"]
[BlackElo "2149"]

1. e4 e5 2. Nf3 Nc6 3. Bb5 d6 4. O-O Nf6 5. d3 Be7 6. c3 O-O 7. h3 a6 8. Ba4 b5
9. Bb3 Na5 10. Bc2 c5 11. Re1 Bb7 12. Nbd2 Re8 13. a4 b4 14. d4 bxc3 15. bxc3
cxd4 16. cxd4 exd4 17. Nxd4 Bf8 18. Nf5 g6 19. Ng3 d5 20. e5 Nd7 21. f4 Qh4 22.
Ndf1 Bc5+ 23. Be3 Bxe3+ 24. Rxe3 Qxf4 25. Qe1 d4 26. Re2 Rxe5 27. Ne4 Bxe4 28.
Bxe4 Rae8 29. Nd2 Nc5 30. Bf3 d3 31. Rxe5 Rxe5 32. Qf2 Nc4 33. Nxc4 Qxc4 34. Re1
Rxe1+ 35. Qxe1 Qd4+ 0-1

[Event "AUTO-OPEN-4616"]
[Site "http://www.queenalice.com/game.php?id=1868683"]
[Date "2026.1.30"]
[Round "2"]
[White "josebaron"]
[Black "Pipo712"]
[Result "1-0"]
[WhiteElo "2144"]
[BlackElo "2104"]

1. e4 c5 2. Nf3 d6 3. Bb5+ Nd7 4. O-O Nf6 5. Nc3 e6 6. Re1 Be7 7. e5 dxe5 8.
Nxe5 O-O 9. Nxd7 Bxd7 10. Bxd7 Qxd7 11. d3 Rad8 12. Ne4 c4 13. Nxf6+ Bxf6 14.
Qe2 cxd3 15. cxd3 Qxd3 16. Qxd3 Rxd3 17. Rb1 Rfd8 18. Be3 a5 19. Bb6 R8d5 20. b3
g6 21. Kf1 Rb5 22. Be3 Bc3 23. Red1 Rbd5 24. Rxd3 Rxd3 25. Ke2 Rd7 26. Rc1 Bf6
27. Bb6 Rd5 28. Rc8+ Kg7 29. Rc7 Rb5 30. Rxb7 a4 31. bxa4 Rb2+ 32. Kf3 Rxa2 33.
a5 Bc3 34. Ra7 h5 35. a6 e5 36. Be3 Bd4 37. Ra8 Bxe3 38. fxe3 f5 39. h4 e4+ 40.
Kg3 Re2 41. a7 Rxe3+ 42. Kf2 Ra3 43. g3 Kf7 44. Rh8 Ra2+ 45. Ke1 Ra1+ 46. Kd2
Ra2+ 47. Kc1 Rxa7 48. Rh7+ Kf6 49. Rxa7 g5 50. Ra6+ 1-0

[Event "AUTO-OPEN-4637"]
[Site "http://www.queenalice.com/game.php?id=1868824"]
[Date "2026.2.2"]
[Round "1"]
[White "Pipo712"]
[Black "SGF"]
[Result "1-0"]
[WhiteElo "2066"]
[BlackElo "1760"]

1. e4 e5 2. Nf3 Qf6 3. d4 d6 4. Be3 Be7 5. Nc3 c6 6. h4 h5 7. Be2 a6 8. a4 Qg6
9. Kf1 Bg4 10. dxe5 dxe5 11. Nxe5 Bxe2+ 12. Qxe2 Qf6 13. Nc4 Bb4 14. e5 Qe6 15.
Ne4 Nd7 16. Ncd6+ Bxd6 17. Nxd6+ Ke7 18. f4 Nh6 19. Qxh5 Ng4 20. Qg5+ Kf8 21.
Bd4 b6 22. f5 Qe7 23. Qxg4 Nxe5 24. Bxe5 Qxe5 25. Nc4 Qc5 26. c3 Re8 27. Qf4 f6
28. Qd6+ Qxd6 29. Nxd6 Re5 30. Re1 Ke7 31. Rxe5+ fxe5 32. Ne4 Rf8 33. Ke2 Rxf5
34. Rf1 Rxf1 35. Kxf1 b5 36. Ke2 bxa4 37. Kd3 Kf7 38. g4 g6 39. Nc5 Kf6 40. Nxa6
Ke6 41. Ke4 Kd6 42. h5 gxh5 43. gxh5 c5 44. h6 c4 45. h7 Kc6 46. h8=Q Kb5 47.
Nb4 Ka5 48. Qxe5+ Kb6 49. Qd6+ Ka5 50. Qa6# 1-0

[Event "AUTO-OPEN-4637"]
[Site "http://www.queenalice.com/game.php?id=1868825"]
[Date "2026.2.2"]
[Round "1"]
[White "SGF"]
[Black "Pipo712"]
[Result "0-1"]
[WhiteElo "1756"]
[BlackElo "2070"]

1. e4 c5 2. Qf3 Nc6 3. c3 d6 4. Bb5 Bd7 5. a4 Nf6 6. d3 a6 7. Bxc6 Bxc6 8. Ne2
c4 9. Nd4 Qd7 10. dxc4 Bxe4 11. Qg3 e5 12. Ne2 Bxb1 13. Rxb1 Qxa4 14. b3 Qc6 15.
f3 Nh5 16. Qg4 g6 17. h4 f5 18. Qg5 Kf7 19. Rh3 h6 20. Qe3 f4 21. Qe4 Qxe4 22.
fxe4 Nf6 23. Ba3 Nxe4 24. Rf3 Ke6 25. b4 g5 26. hxg5 hxg5 27. Rf1 g4 28. Bc1 Be7
29. b5 axb5 30. Rxb5 Nc5 31. Rb6 Ra1 32. Kd2 Rh2 33. Rg1 f3 34. gxf3 gxf3 35.
Ke3 fxe2 36. Re1 Bg5+ 37. Kf3 Rxc1 38. Rxe2 Rxe2 39. Kxe2 Rxc3 40. Rb4 Rb3 41.
Rb5 Rxb5 42. cxb5 e4 43. b6 d5 44. Kd1 Ke5 45. Ke2 d4 46. Kf2 e3+ 47. Ke2 d3+
48. Kd1 Bh4 49. Kc1 e2 50. Kd2 e1=Q# 0-1

[Event "AUTO-MASTER-3295"]
[Site "http://www.queenalice.com/game.php?id=1868889"]
[Date "2026.2.4"]
[Round "1"]
[White "IranSilva"]
[Black "Pipo712"]
[Result "0-1"]
[WhiteElo "2214"]
[BlackElo "2064"]

1. d4 d5 2. c4 c6 3. Nc3 Nf6 4. Nf3 dxc4 5. e4 b5 6. a4 b4 7. Na2 Nxe4 8. Bxc4
e6 9. Qe2 Nf6 10. O-O Be7 11. Bg5 a5 12. b3 O-O 13. Ne5 Qxd4 14. Qf3 Qxe5 15.
Bf4 Qh5 16. Qg3 Nd5 17. Bxd5 cxd5 18. Bxb8 Ba6 19. Be5 f6 20. Bd6 Bxd6 21. Qxd6
Bxf1 22. Qxe6+ Qf7 23. Qxf7+ Kxf7 24. Kxf1 Rac8 25. Rd1 Rfd8 26. Nc1 d4 27. Ne2
d3 28. Nf4 Rc3 0-1

[Event "AUTO-MASTER-3295"]
[Site "http://www.queenalice.com/game.php?id=1868890"]
[Date "2026.2.4"]
[Round "1"]
[White "Pipo712"]
[Black "IranSilva"]
[Result "0-1"]
[WhiteElo "2075"]
[BlackElo "2202"]

1. e4 e5 2. Nf3 Nf6 3. Nxe5 d6 4. Nf3 Nxe4 5. d4 d5 6. Bd3 Nc6 7. c3 Bd6 8. Nbd2
Nf6 9. h3 O-O 10. O-O h6 11. b4 a6 12. a4 Be6 13. Nb3 b6 14. Re1 Re8 15. Bb2 Qd7
16. Nh2 Bxh3 17. Qf3 Bxh2+ 18. Kxh2 Bg4 19. Qf4 Nh5 20. Qd2 Qd6+ 21. g3 f5 22.
b5 axb5 23. Bxb5 f4 24. Ba3 fxg3+ 25. fxg3 Qxg3+ 0-1